000 00548nam a22002177a 4500
003 UA-OsUOA
001 38864
007 ta
008 20060529b un ||||| |||| 00| 0 ukr d
100 _aКосий Микола
090 _a32
_bК11
942 _cSA
040 _aUA-OsUOA
_bukr
_cUA-OsUOA
_dUA-OsUOA
245 _aХарківське метро може стати комунальною власністю?
300 _a6 с.
955 _a0
041 _aukr
080 _a32
773 0 _w38862
650 7 _a32 Політика
_2UDC
999 _c325013
_d325013